000 00740nam a2200241Ia 4500
003 OSt
005 20200902152308.0
008 191128s1988 sp er 000 1 spa d
020 _a8485471636
040 _aCO-JMCR
_cCO-JMCR
041 _aspa
082 0 4 _aT /
_bBERc
100 1 _aBernard Shaw, George,
_eautor
_99650
245 1 0 _aCésar y cleopatra :
_bLa comandante Barbara ; Candida /
_cGeorge Bernard Shaw
250 _aSegunda edición
260 _aBarcelona :
_bEdiciones Orbis,
_c1988
300 _a397 Páginas ;
_c 21 cm.
490 0 _aBiblioteca personal N.47
500 _aIncluye tabal de contenido
505 _aCésar y cleopatra -- La comandante Barbara -- Candida
650 1 4 _aTeatro
_99651
942 _2ddc
_cBK
999 _c3739
_d3739